<?xml version="1.0" encoding="UTF-8"?><?xml-stylesheet type="text/xsl" href="static/style.xsl"?><OAI-PMH xmlns="http://www.openarchives.org/OAI/2.0/" xmlns:xsi="http://www.w3.org/2001/XMLSchema-instance" xsi:schemaLocation="http://www.openarchives.org/OAI/2.0/ http://www.openarchives.org/OAI/2.0/OAI-PMH.xsd"><responseDate>2026-06-01T08:29:38Z</responseDate><request verb="GetRecord" identifier="oai:riuma.uma.es:10630/45584" metadataPrefix="marc">https://riuma.uma.es/rest/oai/request</request><GetRecord><record><header><identifier>oai:riuma.uma.es:10630/45584</identifier><datestamp>2026-02-23T10:12:35Z</datestamp><setSpec>com_10630_2254</setSpec><setSpec>col_10630_37959</setSpec></header><metadata><record xmlns="http://www.loc.gov/MARC21/slim" xmlns:dcterms="http://purl.org/dc/terms/" xmlns:doc="http://www.lyncode.com/xoai" xmlns:xsi="http://www.w3.org/2001/XMLSchema-instance" xsi:schemaLocation="http://www.loc.gov/MARC21/slim http://www.loc.gov/standards/marcxml/schema/MARC21slim.xsd">
   <leader>00925njm 22002777a 4500</leader>
   <datafield ind2=" " ind1=" " tag="042">
      <subfield code="a">dc</subfield>
   </datafield>
   <datafield ind2=" " ind1=" " tag="720">
      <subfield code="a">García-León, Juan Antonio</subfield>
      <subfield code="e">author</subfield>
   </datafield>
   <datafield ind2=" " ind1=" " tag="720">
      <subfield code="a">Cáceres Palomo, Laura</subfield>
      <subfield code="e">author</subfield>
   </datafield>
   <datafield ind2=" " ind1=" " tag="720">
      <subfield code="a">Sánchez-Mejías, Elisabeth</subfield>
      <subfield code="e">author</subfield>
   </datafield>
   <datafield ind2=" " ind1=" " tag="720">
      <subfield code="a">Trujillo-Estrada, Laura Isabel</subfield>
      <subfield code="e">author</subfield>
   </datafield>
   <datafield ind2=" " ind1=" " tag="720">
      <subfield code="a">López-Oliva, Elba</subfield>
      <subfield code="e">author</subfield>
   </datafield>
   <datafield ind2=" " ind1=" " tag="720">
      <subfield code="a">Moreno-González, Inés</subfield>
      <subfield code="e">author</subfield>
   </datafield>
   <datafield ind2=" " ind1=" " tag="720">
      <subfield code="a">Vitorica, Javier</subfield>
      <subfield code="e">author</subfield>
   </datafield>
   <datafield ind2=" " ind1=" " tag="720">
      <subfield code="a">Gutiérrez-Pérez, Antonia</subfield>
      <subfield code="e">author</subfield>
   </datafield>
   <datafield ind2=" " ind1=" " tag="260">
      <subfield code="c">2025-07-11</subfield>
   </datafield>
   <datafield ind2=" " ind1=" " tag="520">
      <subfield code="a">Background:
Alzheimer's disease (AD) is characterized by a complex pathology, not fully resolved yet. This
fact, together with the lack of reliable models, has impeded the development of effective
therapies. Glial cell dysfunction has been proposed to be involved in AD pathogenesis, but this
cannot be properly modeled using the available animal models, so we hypothesized that cells
derived from AD patients can serve as a better platform for studying the disease. In this sense,
human pluripotent stem cells (hPSC) allow the generation of different types of neural cells,
which can be used for disease modeling, identification of new targets and drugs development.
Methods:
We have generated hiPSC-derived astrocytes from AD patients and cognitively unimpaired agematched
individuals and evaluated their metabolism and phenotype employing confocal
imaging, immunofluorescence, flow cytometry, RT-qPCR and functional assays.
Results:
All astrocytes expressed functional markers including aldehyde dehydrogenase 1A1
(ALDH1A1), glutamate transporter GLAST, glial fibrillary acidic protein (GFAP), aquaporin-4
(AQP4) and vimentin. However, astrocytes from AD patients showed increased expression of
reactive markers. In addition, these astrocytes derived from AD patients showed significant
metabolic alterations associated with a pro-inflammatory and senescent phenotype which in
turn impair their neuronal support as measured in coculture assays.
Conclusions:
Our preliminary data suggest that astrocytes derived from AD patients present an intrinsic proinflammatory
and senescent phenotype which compromise their functionality. Elucidating the
mechanisms inducing these processes and their functional consequences should help for a
better understanding of role that astrocytes play in AD, by direct functioning and also through their interactions with neurons and the other glial cells. This should lead to the identification of
potential therapeutic targets for future AD treatments.</subfield>
   </datafield>
   <datafield ind1="8" ind2=" " tag="024">
      <subfield code="a">https://hdl.handle.net/10630/45584</subfield>
   </datafield>
   <datafield ind1="8" ind2=" " tag="024">
      <subfield code="a">10.1002/glia.70036</subfield>
   </datafield>
   <datafield tag="653" ind2=" " ind1=" ">
      <subfield code="a">Alzheimer, Enfermedad de</subfield>
   </datafield>
   <datafield tag="653" ind2=" " ind1=" ">
      <subfield code="a">Astrocitos</subfield>
   </datafield>
   <datafield ind2="0" ind1="0" tag="245">
      <subfield code="a">Human iPSC-derived APOE4/4 Alzheimer´s disease astrocytes exhibit a proinflammatory and senescent state that compromise neuronal support</subfield>
   </datafield>
</record>
</metadata></record></GetRecord></OAI-PMH>